LEADER 00869nam a2200217 i 4500 001 000000190709 003 CaOOAMICUS 005 20100629000000.0 008 100629s1941 it u000 u ita u 013 $a169141 040 $aSeMil$bita 100 1 $aChiminelli, Piero,$d<1886-1959>.$0(OLS)http://semarc/name/30635 245 10$aSanta Caterina da Siena :$b1347-1380 /$cPiero Chiminelli. 260 $aRoma :$b[s.n.],$cstampa 1941. 300 $a577 p. ;$c24 cm. 500 $aContiene : Note e rinvii ; Bibliografia. 600 04$aCaterina : da Siena .$0(OLS)http://semarc/subject/8079 850 $aSeMil 852 $aSeMil$W1$xVenegono$y1$m3H IV 280$j141326$B141326$CSeMilBibl$Z2$F152892 $81 996 $6245$aSanta Caterina da Siena :$b1347-1380$9(OLS)http://semarc/title/274778 996 $6260$aRoma :$b[s.n.]$9(OLS)http://semarc/publisher/29738 LEADER 01232nam a2200289 i 4500 001 000000069963 003 CaOOAMICUS 005 20100628000000.0 008 100628s1992 it u000 u ita u 013 $a41135 020 $a88-04-35981-1 040 $aSeMil$bita 100 1 $aFumagalli Beonio Brocchieri, Mariateresa,$d<1933- >.$0(OLS)http://semarc/name/19468 245 10$aIn una aria diversa :$bla sapienza di Ildegarda di Bingen /$cMariateresa Beonio Brocchieri Fumagalli. 260 $aMilano :$bArnoldo Mondadori Editore,$c1992. 300 $a199 p. ;$c21 cm. 490 0 $aLa storia 500 $aIn appendice : Lettere. - Fondo Ciprandi. 650 4$aIldegarda : di Bingen .$0(OLS)http://semarc/subject/611 830 3$aLa storia [Rusconi].$0(OLS)http://semarc/title/9248 850 $aSeMil 852 $aSeMil$W1$xVenegono$y1$m3H IV 304$j36116$B36116$CSeMilBibl$Z2$F36119 $81 941 1 $a1 961 $aOmaggio: Ciprandi dott. Paolo 996 $6020$a88-04-35981-1$9(OLS)http://semarc/number/48630 996 $6245$aIn una aria diversa :$bla sapienza di Ildegarda di Bingen$9(OLS)http://semarc/title/112199 996 $6260$aMilano :$bArnoldo Mondadori Editore$9(OLS)http://semarc/publisher/30056